000 00283 a2200121 4500
001 147077
040 _cEscola São Tomás de Aquino
100 _aIACOCCA, Liliana
240 1 0 _aA girafa sem sono
_lpor
245 1 0 _aA girafa sem sono
697 _a*LITERATURA INFANTIL
942 _cBK
999 _c147077
_d147077